Detalles MARC
| 000 -CABECERA |
| Longitud fija campo de control |
01666nas a2200457 c 4500 |
| 001 - NÚMERO DE CONTROL |
| Número de control |
25999 |
| 003 - IDENTIFICADOR DE NÚMERO DE CONTROL |
| Identificador del número de control |
ES-MaCES |
| 005 - FECHA Y HORA DE LA ÚLTIMA TRANSACCIÓN |
| Fecha y hora de la última transacción |
20250327143436.0 |
| 008 - CAMPO FIJO DE DESCRIPCIÓN FIJA--INFORMACIÓN GENERAL |
| Códigos de información de longitud fija |
060531d20052015sp qr p | |spa d |
| 017 ## - NÚMERO DE REGISTRO DE DERECHOS DE AUTOR Y DEPÓSITO LEGAL |
| Número de copyright o de depósito legal |
M 51335-2004 |
| Agencia que asigna el número |
DL |
| 022 1# - ISSN (INTERNATIONAL STANDARD SERIAL NUMBER) |
| Número Internacional Normalizado para Publicaciones Seriadas |
1698-8795 |
| 035 ## - NÚMERO DE CONTROL DEL SISTEMA |
| Número de control del sistema |
CES20060000044p |
| 040 ## - FUENTE DE CATALOGACIÓN |
| Centro catalogador de origen |
ES-MaCES |
| Lengua de catalogación |
spa |
| Centro transcriptor |
ES-MaCES |
| 245 00 - MENCIÓN DE TÍTULO |
| Título |
Hesperia culturas |
| Resto del título |
: del Mediterráneo |
| 260 ## - PUBLICACIÓN, DISTRIBUCIÓN, ETC (PIE DE IMPRENTA) |
| Lugar de publicación, distribución, etc. |
[Sevilla] |
| Nombre del editor, distribuidor, etc. |
Fundación Tres Culturas del Mediterráneo |
| Lugar de publicación, distribución, etc. |
[s.l.] |
| Nombre del editor, distribuidor, etc. |
Fundación José Luis Pardo |
| Fecha de publicación, distribución, etc. |
2005-2015 |
| 300 ## - DESCRIPCIÓN FÍSICA |
| Extensión |
v. |
| Dimensiones |
24 cm |
| 310 ## - PERIODICIDAD ACTUAL DE LA PUBLICACIÓN |
| Periodicidad actual |
Anual |
| Fecha de comienzo de la periodicidad actual |
2012 |
| 321 ## - PERIODICIDAD ANTERIOR DE LA PUBLICACIÓN |
| Periodicidad anterior |
3 n. al año |
| 321 ## - PERIODICIDAD ANTERIOR DE LA PUBLICACIÓN |
| Periodicidad anterior |
Trimestral |
| 362 0# - DATOS DE LA PUBLICACIÓN Y/O DESIGNACIÓN SECUENCIAL |
| Fecha de publicación y;o designación secuencial |
N. 1 (en. 2005)-n. 19 (2015) |
| 500 ## - NOTA GENERAL |
| Nota general |
Cerrada la suscripción de la ed. impresa, continua ed. electrónica |
| 541 ## - NOTA DE LA FUENTE INMEDIANTE DE ADQUISICIÓN |
| Forma de adquisición |
Compra |
| 650 #4 - ASIENTO SECUNDARIO DE MATERIA--TÉRMINO DE MATERIA |
| Término de materia o nombre geográfico como elemento inicial |
desarrollo regional |
| 9 (RLIN) |
29186 |
| 650 #4 - ASIENTO SECUNDARIO DE MATERIA--TÉRMINO DE MATERIA |
| Término de materia o nombre geográfico como elemento inicial |
paz |
| 9 (RLIN) |
26698 |
| 650 #4 - ASIENTO SECUNDARIO DE MATERIA--TÉRMINO DE MATERIA |
| Término de materia o nombre geográfico como elemento inicial |
nuevo orden económico internacional |
| 9 (RLIN) |
29223 |
| 650 #4 - ASIENTO SECUNDARIO DE MATERIA--TÉRMINO DE MATERIA |
| Término de materia o nombre geográfico como elemento inicial |
diálogo Norte-Sur |
| 9 (RLIN) |
29495 |
| 650 #4 - ASIENTO SECUNDARIO DE MATERIA--TÉRMINO DE MATERIA |
| Término de materia o nombre geográfico como elemento inicial |
globalización económica |
| 9 (RLIN) |
30653 |
| 650 #4 - ASIENTO SECUNDARIO DE MATERIA--TÉRMINO DE MATERIA |
| Término de materia o nombre geográfico como elemento inicial |
relaciones culturales |
| 9 (RLIN) |
29384 |
| 650 #4 - ASIENTO SECUNDARIO DE MATERIA--TÉRMINO DE MATERIA |
| Término de materia o nombre geográfico como elemento inicial |
antropología social y cultural |
| 9 (RLIN) |
27254 |
| 650 #4 - ASIENTO SECUNDARIO DE MATERIA--TÉRMINO DE MATERIA |
| Término de materia o nombre geográfico como elemento inicial |
país mediterráneo |
| 9 (RLIN) |
29050 |
| 653 10 - TÉRMINO DE INDEXACIÓN--NO CONTROLADO |
| Término no controlado |
Cooperación al desarrollo |
| 710 2# - ENCABEZAMIENTO SECUNDARIO--NOMBRE CORPORATIVO |
| Nombre de entidad o nombre de jurisdicción como elemento inicial |
Fundación José Luis Pardo. Culturas del Mediterráneo |
| Término indicativo de función |
ed. |
| 9 (RLIN) |
3848 |
| 710 2# - ENCABEZAMIENTO SECUNDARIO--NOMBRE CORPORATIVO |
| Nombre de entidad o nombre de jurisdicción como elemento inicial |
Fundación Tres Culturas del Mediterráneo |
| Término indicativo de función |
ed. |
| 9 (RLIN) |
3916 |
| 853 21 - LEYENDAS Y PATRÓN--UNIDAD BIBLIOGRÁFICA BÁSICA |
| Primer nivel de enumeración |
Año |
| Segundo nivel de enumeración |
vol. |
| Esquema alternativo de numeración, primer nivel de enumeración |
n. |
| Primer nivel de cronología |
año |
| Segundo nivel de cronología |
mes |
| Continuidad en la numeración |
c |
| Frecuencia |
t |
| Patrón de regularidad |
pm03,06,11 |
| 856 ## - ACCESO ELECTRÓNICO |
| Identificador Uniforme del Recurso (URI) |
https://ibersaf.es/revista-hesperia/ |
| Texto del enlace |
tabla de contenidos desde n. 27 |
| 866 #0 - FUENTES TEXTUALES--UNIDAD BIBLIOGRÁFICA BÁSICA |
| Holdings textuales |
2005-2015. |
| Nota pública |
Ubicación: DEPÓSITO - 55/1047 |
| 905 ## - CES. DATOS REVISTA |
| Boletín de sumarios (Sirtex 591$a) |
Boletín A |
| Formato |
P |
| Kardex |
SÍ |
| Abreviatura boletín |
Hespe |
| Proceso |
A + |
| 942 ## - ELEMENTOS KOHA |
| Fuente de clasificaión o esquema |
Clasificación propia del CES |
| Koha [por defecto] tipo de item |
Periódicas |
| Parte de clasificación |
Cooperación al desarrollo |